[Event "DEM U16 2023"]
[Site "Willingen GER"]
[Date "2023.05.30"]
[Round "4"]
[White "Bock, Marlon"]
[Black "Englert, Luca"]
[Result "1-0"]
[Termination "normal"]
[Board "7"]
[WhiteElo "1954"]
[BlackElo "2109"]
[WhiteClock "00:08:21"]
[BlackClock "00:37:55"]
[PlyCount "143"]
[WhiteFideId "16244931"]
[BlackFideId "16293088"]
[EventCountry "GER"]
[EventRounds "9"]
[EventType "swiss"]
[EventDate "2023.05.27"]

1. d4 {[%clk 01:30:57]} {[%emt 00:00:02]} d5 {[%clk 01:30:55]} {[%emt
00:00:05]} 2. c4 {[%clk 01:31:24]} {[%emt 00:00:04]} c6 {[%clk 01:31:21]}
{[%emt 00:00:04]} 3. cxd5 {[%clk 01:31:50]} {[%emt 00:00:03]} cxd5 {[%clk
01:31:47]} {[%emt 00:00:05]} 4. Bf4 {[%clk 01:32:15]} {[%emt 00:00:05]} Nc6
{[%clk 01:32:01]} {[%emt 00:00:15]} 5. e3 {[%clk 01:32:30]} {[%emt 00:00:16]}
Bf5 {[%clk 01:31:09]} {[%emt 00:01:22]} 6. Qb3 {[%clk 01:29:47]} {[%emt
00:03:12]} Qb6 {[%clk 01:28:54]} {[%emt 00:02:46]} 7. Qxb6 {[%clk 01:22:59]}
{[%emt 00:07:18]} axb6 {[%clk 01:29:12]} {[%emt 00:00:12]} 8. Nc3 {[%clk
01:22:20]} {[%emt 00:01:08]} Nb4 {[%clk 01:20:19]} {[%emt 00:09:24]} 9. Bb5+
{[%clk 01:18:11]} {[%emt 00:04:39]} Bd7 {[%clk 01:19:37]} {[%emt 00:01:12]} 10.
Bxd7+ {[%clk 01:16:28]} {[%emt 00:02:13]} Kxd7 {[%clk 01:20:01]} {[%emt
00:00:06]} 11. Rd1 {[%clk 01:15:22]} {[%emt 00:01:36]} e6 {[%clk 01:17:16]}
{[%emt 00:03:14]} 12. Nf3 {[%clk 01:12:53]} {[%emt 00:02:59]} f6 {[%clk
01:15:08]} {[%emt 00:02:38]} 13. h4 {[%clk 01:09:43]} {[%emt 00:03:41]} Nxa2
{[%clk 01:10:51]} {[%emt 00:04:48]} 14. O-O {[%clk 00:49:52]} {[%emt 00:20:20]}
Nxc3 {[%clk 01:05:21]} {[%emt 00:05:59]} 15. bxc3 {[%clk 00:50:19]} {[%emt
00:00:03]} Bd6 {[%clk 01:04:54]} {[%emt 00:00:57]} 16. Bxd6 {[%clk 00:48:21]}
{[%emt 00:02:29]} Kxd6 {[%clk 01:05:19]} {[%emt 00:00:05]} 17. Rb1 {[%clk
00:48:26]} {[%emt 00:00:25]} Kc6 {[%clk 01:02:47]} {[%emt 00:03:01]} 18. Rb3
{[%clk 00:43:18]} {[%emt 00:05:37]} b5 {[%clk 00:56:07]} {[%emt 00:07:11]} 19.
Rfb1 {[%clk 00:41:39]} {[%emt 00:02:09]} Ra5 {[%clk 00:55:35]} {[%emt
00:01:02]} 20. Ne1 {[%clk 00:36:48]} {[%emt 00:05:21]} Ne7 {[%clk 00:54:51]}
{[%emt 00:01:14]} 21. Nd3 {[%clk 00:35:27]} {[%emt 00:01:52]} Nf5 {[%clk
00:54:43]} {[%emt 00:00:37]} 22. g3 {[%clk 00:29:19]} {[%emt 00:06:38]} Nd6
{[%clk 00:54:41]} {[%emt 00:00:31]} 23. Kf1 {[%clk 00:28:01]} {[%emt 00:01:50]}
Ne4 {[%clk 00:53:07]} {[%emt 00:02:03]} 24. Ke1 {[%clk 00:27:42]} {[%emt
00:00:49]} Kb6 {[%clk 00:49:52]} {[%emt 00:03:45]} 25. Kd1 {[%clk 00:23:56]}
{[%emt 00:04:16]} Rc8 {[%clk 00:49:56]} {[%emt 00:00:27]} 26. Kc2 {[%clk
00:24:19]} {[%emt 00:00:07]} Rc6 {[%clk 00:41:53]} {[%emt 00:08:32]} 27. Nb4
{[%clk 00:21:59]} {[%emt 00:02:50]} Rc8 {[%clk 00:41:29]} {[%emt 00:00:54]} 28.
Nd3 {[%clk 00:22:05]} {[%emt 00:00:23]} Nd6 {[%clk 00:41:32]} {[%emt 00:00:27]}
29. Nc5 {[%clk 00:21:01]} {[%emt 00:01:34]} Nc4 {[%clk 00:41:46]} {[%emt
00:00:17]} 30. Kd1 {[%clk 00:19:35]} {[%emt 00:01:55]} Re8 {[%clk 00:36:12]}
{[%emt 00:06:04]} 31. Rb4 {[%clk 00:16:43]} {[%emt 00:03:23]} Kc6 {[%clk
00:36:13]} {[%emt 00:00:29]} 32. Ke1 {[%clk 00:14:47]} {[%emt 00:02:25]} e5
{[%clk 00:29:09]} {[%emt 00:07:34]} 33. Kd1 {[%clk 00:08:47]} {[%emt 00:06:30]}
b6 {[%clk 00:28:05]} {[%emt 00:01:35]} 34. Nd3 {[%clk 00:06:40]} {[%emt
00:02:36]} Ra2 {[%clk 00:28:07]} {[%emt 00:00:29]} 35. Rxc4+ {[%clk 00:06:02]}
{[%emt 00:01:08]} Kd7 {[%clk 00:24:52]} {[%emt 00:03:46]} 36. Rcb4 {[%clk
00:05:46]} {[%emt 00:00:45]} Rc8 {[%clk 00:24:14]} {[%emt 00:01:08]} 37. Rc1
{[%clk 00:04:29]} {[%emt 00:01:48]} e4 {[%clk 00:24:12]} {[%emt 00:00:32]} 38.
Rb2 {[%clk 00:04:28]} {[%emt 00:00:31]} Rxb2 {[%clk 00:23:30]} {[%emt
00:01:12]} 39. Nxb2 {[%clk 00:04:54]} {[%emt 00:00:04]} Ke6 {[%clk 00:23:35]}
{[%emt 00:00:25]} 40. Kc2 {[%clk 00:04:10]} {[%emt 00:01:13]} Kf5 {[%clk
00:18:47]} {[%emt 00:05:19]} 41. Rb1 {[%clk 00:25:50]} {[%emt 00:08:51]} Ra8
{[%clk 00:48:24]} {[%emt 00:00:53]} 42. Nd1 {[%clk 00:24:52]} {[%emt 00:01:27]}
Ra5 {[%clk 00:48:34]} {[%emt 00:00:21]} 43. c4 {[%clk 00:18:34]} {[%emt
00:06:48]} bxc4 {[%clk 00:46:35]} {[%emt 00:02:29]} 44. Rxb6 {[%clk 00:17:36]}
{[%emt 00:01:27]} Kg4 {[%clk 00:46:42]} {[%emt 00:00:22]} 45. Rb7 {[%clk
00:11:46]} {[%emt 00:06:22]} Kf3 {[%clk 00:42:05]} {[%emt 00:05:07]} 46. Rxg7
{[%clk 00:11:02]} {[%emt 00:01:14]} Ra2+ {[%clk 00:39:35]} {[%emt 00:03:00]}
47. Kb1 {[%clk 00:09:42]} {[%emt 00:01:50]} Rd2 {[%clk 00:38:42]} {[%emt
00:01:24]} 48. Nc3 {[%clk 00:07:39]} {[%emt 00:02:33]} Rxf2 {[%clk 00:38:25]}
{[%emt 00:00:47]} 49. Nxd5 {[%clk 00:07:56]} {[%emt 00:00:12]} h5 {[%clk
00:37:01]} {[%emt 00:01:54]} 50. Rg6 {[%clk 00:07:39]} {[%emt 00:00:47]} f5
{[%clk 00:35:30]} {[%emt 00:02:01]} 51. Rg5 {[%clk 00:07:47]} {[%emt 00:00:21]}
Ke2 {[%clk 00:35:03]} {[%emt 00:00:58]} 52. Kc2 {[%clk 00:06:46]} {[%emt
00:01:31]} Rf1 {[%clk 00:33:11]} {[%emt 00:02:22]} 53. Rxh5 {[%clk 00:06:50]}
{[%emt 00:00:26]} Rg1 {[%clk 00:32:49]} {[%emt 00:00:52]} 54. Rxf5 {[%clk
00:06:17]} {[%emt 00:01:03]} Rxg3 {[%clk 00:33:12]} {[%emt 00:00:07]} 55. Rf4
{[%clk 00:06:37]} {[%emt 00:00:10]} Rg2 {[%clk 00:33:24]} {[%emt 00:00:18]} 56.
Kc3 {[%clk 00:06:47]} {[%emt 00:00:21]} Rg1 {[%clk 00:33:47]} {[%emt 00:00:07]}
57. Kxc4 {[%clk 00:06:48]} {[%emt 00:00:28]} Rc1+ {[%clk 00:34:10]} {[%emt
00:00:07]} 58. Kb5 {[%clk 00:07:05]} {[%emt 00:00:13]} Kd3 {[%clk 00:34:35]}
{[%emt 00:00:05]} 59. h5 {[%clk 00:07:06]} {[%emt 00:00:30]} Rh1 {[%clk
00:34:56]} {[%emt 00:00:09]} 60. Rf5 {[%clk 00:07:08]} {[%emt 00:00:28]} Rc1
{[%clk 00:34:58]} {[%emt 00:00:28]} 61. h6 {[%clk 00:07:17]} {[%emt 00:00:20]}
Rh1 {[%clk 00:35:25]} {[%emt 00:00:04]} 62. Rf6 {[%clk 00:07:15]} {[%emt
00:00:33]} Rh5 {[%clk 00:35:28]} {[%emt 00:00:26]} 63. Kc5 {[%clk 00:07:02]}
{[%emt 00:00:43]} Rh2 {[%clk 00:35:46]} {[%emt 00:00:12]} 64. Kd6 {[%clk
00:06:35]} {[%emt 00:00:58]} Rh1 {[%clk 00:35:58]} {[%emt 00:00:17]} 65. Ke6
{[%clk 00:06:44]} {[%emt 00:00:21]} Kc4 {[%clk 00:36:12]} {[%emt 00:00:16]} 66.
Nf4 {[%clk 00:07:01]} {[%emt 00:00:13]} Kc3 {[%clk 00:36:33]} {[%emt 00:00:09]}
67. Kf7 {[%clk 00:06:57]} {[%emt 00:00:34]} Kd2 {[%clk 00:36:56]} {[%emt
00:00:07]} 68. Nd5 {[%clk 00:07:14]} {[%emt 00:00:12]} Rh5 {[%clk 00:37:21]}
{[%emt 00:00:05]} 69. Rd6 {[%clk 00:07:25]} {[%emt 00:00:19]} Rg5 {[%clk
00:37:05]} {[%emt 00:00:46]} 70. h7 {[%clk 00:07:45]} {[%emt 00:00:10]} Rh5
{[%clk 00:37:31]} {[%emt 00:00:03]} 71. Kg7 {[%clk 00:08:02]} {[%emt 00:00:14]}
Rg5+ {[%clk 00:37:55]} {[%emt 00:00:06]} 72. Kh6 {[%clk 00:08:21]} {[%emt
00:00:12]} 1-0

[Event "DEM U16 2023"]
[Site "Willingen GER"]
[Date "2023.05.30"]
[Round "4"]
[White "Zhou, Lepu Coco"]
[Black "Fuhrmann, Bahne"]
[Result "1/2-1/2"]
[Termination "normal"]
[Board "9"]
[WhiteElo "2001"]
[BlackElo "2066"]
[WhiteClock "01:04:51"]
[BlackClock "01:11:40"]
[PlyCount "48"]
[WhiteFideId "16217136"]
[BlackFideId "16244842"]
[EventCountry "GER"]
[EventRounds "9"]
[EventType "swiss"]
[EventDate "2023.05.27"]

1. e4 {[%clk 01:30:57]} {[%emt 00:00:04]} e5 {[%clk 01:30:56]} {[%emt
00:00:02]} 2. Nf3 {[%clk 01:31:20]} {[%emt 00:00:08]} Nc6 {[%clk 01:31:22]}
{[%emt 00:00:04]} 3. d4 {[%clk 01:31:44]} {[%emt 00:00:06]} exd4 {[%clk
01:31:42]} {[%emt 00:00:10]} 4. Nxd4 {[%clk 01:32:06]} {[%emt 00:00:07]} Nf6
{[%clk 01:30:07]} {[%emt 00:02:05]} 5. Nc3 {[%clk 01:32:29]} {[%emt 00:00:08]}
Bb4 {[%clk 01:30:29]} {[%emt 00:00:08]} 6. Nxc6 {[%clk 01:32:52]} {[%emt
00:00:07]} bxc6 {[%clk 01:30:56]} {[%emt 00:00:04]} 7. Bd3 {[%clk 01:33:14]}
{[%emt 00:00:07]} d5 {[%clk 01:31:18]} {[%emt 00:00:09]} 8. exd5 {[%clk
01:33:38]} {[%emt 00:00:06]} O-O {[%clk 01:31:40]} {[%emt 00:00:07]} 9. O-O
{[%clk 01:33:59]} {[%emt 00:00:09]} cxd5 {[%clk 01:32:07]} {[%emt 00:00:04]}
10. Bg5 {[%clk 01:34:19]} {[%emt 00:00:10]} Be6 {[%clk 01:32:31]} {[%emt
00:00:06]} 11. Bb5 {[%clk 01:27:10]} {[%emt 00:07:38]} h6 {[%clk 01:19:53]}
{[%emt 00:13:10]} 12. Bxf6 {[%clk 01:23:52]} {[%emt 00:03:48]} Qxf6 {[%clk
01:19:26]} {[%emt 00:00:57]} 13. Nxd5 {[%clk 01:23:11]} {[%emt 00:01:10]} Bxd5
{[%clk 01:18:14]} {[%emt 00:01:43]} 14. Qxd5 {[%clk 01:23:36]} {[%emt
00:00:05]} Qxb2 {[%clk 01:18:06]} {[%emt 00:00:38]} 15. Rab1 {[%clk 01:17:07]}
{[%emt 00:06:59]} Qc3 {[%clk 01:17:18]} {[%emt 00:01:18]} 16. Qe4 {[%clk
01:15:47]} {[%emt 00:01:50]} Bd6 {[%clk 01:15:00]} {[%emt 00:02:49]} 17. Rfe1
{[%clk 01:11:55]} {[%emt 00:04:23]} Rab8 {[%clk 01:12:45]} {[%emt 00:02:44]}
18. Bd3 {[%clk 01:07:25]} {[%emt 00:05:00]} g6 {[%clk 01:12:04]} {[%emt
00:01:11]} 19. Bc4 {[%clk 01:06:35]} {[%emt 00:01:20]} Qf6 {[%clk 01:11:18]}
{[%emt 00:01:15]} 20. Rxb8 {[%clk 01:04:51]} {[%emt 00:02:15]} Rxb8 {[%clk
01:11:40]} {[%emt 00:00:07]} 21. g3 Bc5 {[%clk 01:11:40]} 22. Re2 Rd8 {[%clk
01:11:40]} 23. Kg2 Kg7 {[%clk 01:11:40]} 24. Qe5 Bb6 {[%clk 01:11:40]} 1/2-1/2

[Event "DEM U16 2023"]
[Site "Willingen GER"]
[Date "2023.05.30"]
[Round "4"]
[White "Möller, Maurin"]
[Black "Müller, Maximilian"]
[Result "1-0"]
[Termination "normal"]
[Board "11"]
[WhiteElo "2140"]
[BlackElo "1908"]
[WhiteClock "01:09:49"]
[BlackClock "00:59:31"]
[PlyCount "39"]
[WhiteFideId "16265696"]
[BlackFideId "16243552"]
[EventCountry "GER"]
[EventRounds "9"]
[EventType "swiss"]
[EventDate "2023.05.27"]

1. e4 {[%emt 0:00:02]} e6 {[%emt 0:00:02]} 2. d4 {[%emt 0:00:12]} d5 {[%emt
0:00:04]} 3. Nd2 {[%emt 0:00:06]} c5 {[%emt 0:00:04]} 4. exd5 {[%emt 0:00:06]}
Qxd5 {[%emt 0:00:06]} 5. Ngf3 {[%emt 0:00:05]} cxd4 {[%emt 0:00:09]} 6. Bc4
{[%emt 0:00:04]} Qd7 {[%emt 0:00:14]} 7. O-O {[%emt 0:00:09]} Nc6 {[%emt
0:00:37]} 8. Nb3 {[%emt 0:00:20]} a6 {[%emt 0:00:06]} 9. a4 {[%emt 0:08:10]}
Nf6 {[%emt 0:04:19]} 10. Nbxd4 {[%emt 0:00:10]} Nxd4 {[%emt 0:00:06]} 11. Nxd4
{[%emt 0:00:08]} Qc7 {[%emt 0:00:04]} 12. b3 {[%emt 0:01:49]} Bd6 {[%emt
0:00:19]} 13. h3 {[%emt 0:05:18]} O-O {[%emt 0:06:09]} 14. Bb2 {[%emt 0:03:57]}
b6 {[%emt 0:13:40]} 15. Re1 {[%emt 0:04:13]} Rd8 {[%emt 0:12:46]} 16. Qe2
{[%emt 0:03:56]} Bb4 {[%emt 0:00:11]} 17. Red1 Nd5 18. Nf5 Bc3 19. Bxc3 Nxc3
20. Qe5 1-0

[Event "DEM U16 2023"]
[Site "Willingen GER"]
[Date "2023.05.30"]
[Round "4"]
[White "Peglau, Charis"]
[Black "Reichmann, Felix"]
[Result "0-1"]
[Termination "normal"]
[Board "12"]
[WhiteTitle "WFM"]
[WhiteElo "2114"]
[BlackElo "1976"]
[WhiteClock "01:18:19"]
[BlackClock "00:46:31"]
[PlyCount "96"]
[WhiteFideId "16219996"]
[BlackFideId "16238290"]
[EventCountry "GER"]
[EventRounds "9"]
[EventType "swiss"]
[EventDate "2023.05.27"]

1. d4 {[%clk 01:30:57]} {[%emt 00:00:02]} Nf6 {[%clk 01:30:53]} {[%emt
00:00:08]} 2. Nf3 {[%clk 01:31:19]} {[%emt 00:00:08]} g6 {[%clk 01:30:24]}
{[%emt 00:01:00]} 3. Nbd2 {[%clk 01:31:30]} {[%emt 00:00:17]} d5 {[%clk
01:29:51]} {[%emt 00:01:04]} 4. b4 {[%clk 01:31:36]} {[%emt 00:00:23]} Bf5
{[%clk 01:22:24]} {[%emt 00:07:57]} 5. Bb2 {[%clk 01:30:09]} {[%emt 00:01:57]}
Bg7 {[%clk 01:21:53]} {[%emt 00:01:01]} 6. e3 {[%clk 01:30:10]} {[%emt
00:00:29]} O-O {[%clk 01:19:53]} {[%emt 00:02:30]} 7. Be2 {[%clk 01:27:20]}
{[%emt 00:03:20]} c6 {[%clk 01:12:44]} {[%emt 00:07:40]} 8. O-O {[%clk
01:23:49]} {[%emt 00:04:00]} Nbd7 {[%clk 01:09:34]} {[%emt 00:03:41]} 9. c4
{[%clk 01:21:09]} {[%emt 00:03:10]} Re8 {[%clk 00:47:33]} {[%emt 00:22:32]} 10.
Qb3 {[%clk 01:18:19]} {[%emt 00:03:19]} Nb6 {[%clk 00:46:31]} {[%emt 00:01:32]}
11. Ne5 Ne4 {[%clk 00:46:31]} 12. Nxe4 Bxe4 {[%clk 00:46:31]} 13. cxd5 Bxe5
{[%clk 00:46:31]} 14. dxe5 Qxd5 {[%clk 00:46:31]} 15. Qxd5 Bxd5 {[%clk
00:46:31]} 16. a3 Bc4 {[%clk 00:46:31]} 17. Bxc4 Nxc4 {[%clk 00:46:31]} 18. Bd4
b5 {[%clk 00:46:31]} 19. f4 Red8 {[%clk 00:46:31]} 20. Rfc1 Kf8 {[%clk
00:46:31]} 21. a4 a6 {[%clk 00:46:31]} 22. a5 Ke8 {[%clk 00:46:31]} 23. Rd1 Rd7
{[%clk 00:46:31]} 24. Kf2 Rad8 {[%clk 00:46:31]} 25. Ke2 f6 {[%clk 00:46:31]}
26. exf6 exf6 {[%clk 00:46:31]} 27. Rac1 Kf7 {[%clk 00:46:31]} 28. g4 Rd5
{[%clk 00:46:31]} 29. h4 h6 {[%clk 00:46:31]} 30. Rg1 Re8 {[%clk 00:46:31]} 31.
Kf2 Re6 {[%clk 00:46:31]} 32. Rgd1 Red6 {[%clk 00:46:31]} 33. Ke2 Ke6 {[%clk
00:46:31]} 34. Rf1 Rd7 {[%clk 00:46:31]} 35. Rf3 h5 {[%clk 00:46:31]} 36. Rg1
Kf7 {[%clk 00:46:31]} 37. f5 gxf5 {[%clk 00:46:31]} 38. gxh5 Re7 {[%clk
00:46:31]} 39. Kf2 Re4 {[%clk 00:46:31]} 40. Rfg3 f4 {[%clk 00:46:31]} 41. Rg7+
Ke6 {[%clk 00:46:31]} 42. Bc5 fxe3+ {[%clk 00:46:31]} 43. Kg3 e2 {[%clk
00:46:31]} 44. h6 Rh5 {[%clk 00:46:31]} 45. h7 Kf5 {[%clk 00:46:31]} 46. Kf2
Ne5 {[%clk 00:46:31]} 47. Be3 e1=Q+ {[%clk 00:46:31]} 48. Kxe1 Nf3+ {[%clk
00:46:31]} 0-1

[Event "DEM U16 2023"]
[Site "Willingen GER"]
[Date "2023.05.30"]
[Round "4"]
[White "Maul, Maik"]
[Black "Heinisch, Niklas"]
[Result "0-1"]
[Termination "normal"]
[Board "13"]
[WhiteElo "1803"]
[BlackElo "1903"]
[WhiteClock "01:14:53"]
[BlackClock "01:03:26"]
[PlyCount "66"]
[WhiteFideId "16204816"]
[BlackFideId "16295080"]
[EventCountry "GER"]
[EventRounds "9"]
[EventType "swiss"]
[EventDate "2023.05.27"]

1. d4 {[%clk 01:30:57]} {[%emt 00:00:03]} d5 {[%clk 01:30:51]} {[%emt
00:00:09]} 2. Nc3 {[%clk 01:31:22]} {[%emt 00:00:06]} Nf6 {[%clk 01:31:16]}
{[%emt 00:00:05]} 3. Bf4 {[%clk 01:31:43]} {[%emt 00:00:09]} c6 {[%clk
01:31:32]} {[%emt 00:00:13]} 4. e3 {[%clk 01:32:07]} {[%emt 00:00:07]} Bf5
{[%clk 01:31:50]} {[%emt 00:00:12]} 5. f3 {[%clk 01:32:25]} {[%emt 00:00:11]}
e6 {[%clk 01:32:11]} {[%emt 00:00:10]} 6. g4 {[%clk 01:32:47]} {[%emt
00:00:09]} Bg6 {[%clk 01:32:35]} {[%emt 00:00:06]} 7. h4 {[%clk 01:33:07]}
{[%emt 00:00:09]} h5 {[%clk 01:32:59]} {[%emt 00:00:07]} 8. g5 {[%clk
01:33:32]} {[%emt 00:00:06]} Nfd7 {[%clk 01:33:15]} {[%emt 00:00:13]} 9. Bd3
{[%clk 01:33:43]} {[%emt 00:00:19]} Bxd3 {[%clk 01:33:37]} {[%emt 00:00:08]}
10. Qxd3 {[%clk 01:34:09]} {[%emt 00:00:03]} g6 {[%clk 01:34:00]} {[%emt
00:00:07]} 11. O-O-O {[%clk 01:32:58]} {[%emt 00:01:40]} Bg7 {[%clk 01:34:23]}
{[%emt 00:00:07]} 12. e4 {[%clk 01:32:31]} {[%emt 00:00:57]} O-O {[%clk
01:34:39]} {[%emt 00:00:14]} 13. Nge2 {[%clk 01:32:25]} {[%emt 00:00:37]} Re8
{[%clk 01:34:56]} {[%emt 00:00:12]} 14. Bg3 {[%clk 01:30:19]} {[%emt 00:02:37]}
Na6 {[%clk 01:34:29]} {[%emt 00:00:57]} 15. Kb1 {[%clk 01:27:17]} {[%emt
00:03:31]} b5 {[%clk 01:30:57]} {[%emt 00:04:03]} 16. Nf4 {[%clk 01:23:46]}
{[%emt 00:04:00]} Qa5 {[%clk 01:03:26]} {[%emt 00:28:01]} 17. exd5 {[%emt
00:09:23]} exd5 18. Nxg6 fxg6 19. Qxg6 b4 20. Rhe1 Rxe1 21. Rxe1 Nf8 22. Qxc6
bxc3 23. Qxa8 Nb4 24. a3 cxb2 25. Kxb2 Bxd4+ 26. c3 Nd3+ 27. Ka2 Qb5 28. Qb8
Bb6 29. Re2 Qc4+ 30. Kb1 Qb3+ 31. Ka1 Qxc3+ 32. Kb1 Qb3+ 33. Ka1 {[%clk
01:14:53]} Bd4+ 0-1

[Event "DEM U16 2023"]
[Site "Willingen GER"]
[Date "2023.05.30"]
[Round "4"]
[White "Pfeffer, Samuel"]
[Black "Demchenko, Yaroslav"]
[Result "1-0"]
[Termination "normal"]
[Board "14"]
[WhiteElo "1504"]
[BlackElo "1814"]
[WhiteClock "01:20:04"]
[BlackClock "00:50:23"]
[PlyCount "81"]
[WhiteFideId "16249160"]
[BlackFideId "14186667"]
[EventCountry "GER"]
[EventRounds "9"]
[EventType "swiss"]
[EventDate "2023.05.27"]

1. d4 {[%clk 01:30:14]} {[%emt 00:00:45]} Nf6 {[%clk 01:30:52]} {[%emt
00:00:09]} 2. c4 {[%clk 01:29:27]} {[%emt 00:01:17]} g6 {[%clk 01:31:17]}
{[%emt 00:00:06]} 3. Nc3 {[%clk 01:29:45]} {[%emt 00:00:12]} Bg7 {[%clk
01:31:40]} {[%emt 00:00:06]} 4. e4 {[%clk 01:30:06]} {[%emt 00:00:10]} d6
{[%clk 01:32:05]} {[%emt 00:00:05]} 5. Be2 {[%clk 01:30:07]} {[%emt 00:00:29]}
O-O {[%clk 01:32:27]} {[%emt 00:00:07]} 6. Be3 {[%clk 01:30:30]} {[%emt
00:00:06]} e5 {[%clk 01:31:22]} {[%emt 00:01:37]} 7. d5 {[%clk 01:30:32]}
{[%emt 00:00:27]} a5 {[%clk 01:31:48]} {[%emt 00:00:04]} 8. h4 {[%clk
01:30:33]} {[%emt 00:00:34]} Na6 {[%clk 01:23:17]} {[%emt 00:08:56]} 9. h5
{[%clk 01:30:16]} {[%emt 00:00:48]} Nc5 {[%clk 01:18:33]} {[%emt 00:05:14]} 10.
Qc2 {[%clk 01:30:36]} {[%emt 00:00:10]} Bd7 {[%clk 00:56:14]} {[%emt 00:22:48]}
11. O-O-O {[%clk 01:26:21]} {[%emt 00:04:37]} Qe8 {[%clk 00:50:21]} {[%emt
00:06:32]} 12. hxg6 {[%clk 01:22:41]} {[%emt 00:04:08]} fxg6 {[%clk 00:50:23]}
{[%emt 00:00:28]} 13. Nh3 {[%emt 00:03:07]} c6 14. dxc6 Bxc6 15. f3 Qe7 16. g4
Ne6 17. Qd2 Ne8 18. Ng5 Nxg5 19. Bxg5 Bf6 20. Be3 Qe6 21. b3 a4 22. Kb2 axb3
23. axb3 Qe7 24. c5 dxc5 25. Bc4+ Kh8 26. g5 b5 27. Bxc5 bxc4 28. Bxe7 Bxe7 29.
Qh2 Rf7 30. Qxe5+ Kg8 31. Qe6 Ba3+ 32. Kb1 Rb8 33. Qxc4 Nd6 34. Qxc6 Rxb3+ 35.
Ka2 Rb2+ 36. Kxa3 Rfb7 37. Qxb7 Nc4+ 38. Ka4 Rxb7 39. Rd8+ Kg7 40. Nb5 Nb2+ 41.
Kb4 {[%clk 01:20:04]} 1-0

[Event "DEM U16 2023"]
[Site "Willingen GER"]
[Date "2023.05.30"]
[Round "4"]
[White "Schulz, Bruno Andreas"]
[Black "Oldenburg, Max Leonard"]
[Result "1-0"]
[Termination "normal"]
[Board "15"]
[WhiteElo "1796"]
[BlackElo "1825"]
[WhiteClock "01:14:02"]
[BlackClock "00:09:51"]
[PlyCount "68"]
[WhiteFideId "34618473"]
[BlackFideId "34660348"]
[EventCountry "GER"]
[EventRounds "9"]
[EventType "swiss"]
[EventDate "2023.05.27"]

1. d4 {[%clk 01:30:53]} {[%emt 00:00:07]} Nf6 {[%clk 01:30:57]} {[%emt
00:00:04]} 2. c4 {[%clk 01:31:02]} {[%emt 00:00:20]} e6 {[%clk 01:31:24]}
{[%emt 00:00:03]} 3. Nf3 {[%clk 01:31:19]} {[%emt 00:00:14]} d5 {[%clk
01:31:29]} {[%emt 00:00:24]} 4. Bf4 {[%clk 01:31:28]} {[%emt 00:00:22]} Bb4+
{[%clk 01:30:03]} {[%emt 00:01:55]} 5. Nc3 {[%clk 01:31:51]} {[%emt 00:00:08]}
O-O {[%clk 01:30:14]} {[%emt 00:00:18]} 6. e3 {[%clk 01:32:06]} {[%emt
00:00:15]} c6 {[%clk 01:24:15]} {[%emt 00:06:29]} 7. Bd3 {[%clk 01:29:04]}
{[%emt 00:03:33]} dxc4 {[%clk 01:24:14]} {[%emt 00:00:31]} 8. Bxc4 {[%clk
01:29:27]} {[%emt 00:00:06]} b5 {[%clk 01:24:38]} {[%emt 00:00:06]} 9. Bd3
{[%clk 01:29:55]} {[%emt 00:00:04]} Nd5 {[%clk 01:24:18]} {[%emt 00:00:49]} 10.
O-O {[%clk 01:26:53]} {[%emt 00:03:31]} Nxf4 {[%clk 01:23:26]} {[%emt
00:01:23]} 11. exf4 {[%clk 01:27:16]} {[%emt 00:00:07]} h6 {[%clk 01:23:23]}
{[%emt 00:00:34]} 12. Ne5 {[%clk 01:27:31]} {[%emt 00:00:15]} Bb7 {[%clk
01:13:57]} {[%emt 00:09:56]} 13. Rc1 {[%clk 01:25:44]} {[%emt 00:02:16]} Nd7
{[%clk 01:03:47]} {[%emt 00:10:41]} 14. Ne4 {[%clk 01:24:19]} {[%emt 00:01:54]}
Nxe5 {[%clk 01:01:47]} {[%emt 00:02:31]} 15. dxe5 {[%clk 01:23:57]} {[%emt
00:00:52]} Qe7 {[%clk 00:57:11]} {[%emt 00:05:05]} 16. Qg4 {[%clk 01:23:46]}
{[%emt 00:00:41]} Kh8 {[%clk 00:46:37]} {[%emt 00:11:04]} 17. f5 {[%clk
01:17:01]} {[%emt 00:07:17]} exf5 {[%clk 00:42:07]} {[%emt 00:04:59]} 18. Qxf5
{[%clk 01:16:18]} {[%emt 00:01:15]} g6 {[%clk 00:40:06]} {[%emt 00:02:30]} 19.
Qf4 {[%clk 01:16:34]} {[%emt 00:00:14]} Kg7 {[%clk 00:39:24]} {[%emt 00:01:11]}
20. Nf6 {[%clk 01:14:44]} {[%emt 00:02:20]} Rad8 {[%clk 00:25:57]} {[%emt
00:13:57]} 21. Rcd1 {[%clk 01:14:16]} {[%emt 00:00:59]} Bd6 {[%clk 00:22:09]}
{[%emt 00:04:20]} 22. Ng4 {[%clk 01:13:31]} {[%emt 00:01:13]} Qh4 {[%clk
00:11:40]} {[%emt 00:10:58]} 23. exd6 {[%clk 01:11:29]} {[%emt 00:02:32]} Bc8
{[%clk 00:09:35]} {[%emt 00:02:35]} 24. Qe5+ {[%clk 01:11:24]} {[%emt
00:00:36]} f6 {[%clk 00:09:40]} {[%emt 00:00:25]} 25. Qe7+ {[%clk 01:11:34]}
{[%emt 00:00:19]} Kg8 {[%clk 00:08:34]} {[%emt 00:01:36]} 26. Bxg6 {[%clk
01:11:27]} {[%emt 00:00:38]} Rd7 {[%clk 00:07:46]} {[%emt 00:01:16]} 27. Bh7+
{[%clk 01:11:36]} {[%emt 00:00:22]} Kh8 {[%clk 00:08:09]} {[%emt 00:00:09]} 28.
Qxf8+ {[%clk 01:11:58]} {[%emt 00:00:07]} Kxh7 {[%clk 00:08:34]} {[%emt
00:00:03]} 29. Nxf6+ {[%clk 01:12:16]} {[%emt 00:00:13]} Kg6 {[%clk 00:08:44]}
{[%emt 00:00:20]} 30. Nxd7 {[%clk 01:12:37]} {[%emt 00:00:09]} Bxd7 {[%clk
00:09:08]} {[%emt 00:00:06]} 31. Qg8+ {[%clk 01:12:58]} {[%emt 00:00:10]} Kf5
{[%clk 00:09:29]} {[%emt 00:00:09]} 32. Qf7+ {[%clk 01:13:20]} {[%emt
00:00:07]} Ke5 {[%clk 00:09:41]} {[%emt 00:00:20]} 33. Rfe1+ {[%clk 01:13:41]}
{[%emt 00:00:08]} Qe4 {[%clk 00:09:51]} {[%emt 00:00:20]} 34. f4# {[%clk
01:14:02]} {[%emt 00:00:08]} Kd5 {[%emt 00:00:21]} 1-0